00888nam a22002177a 450000100060000000300080000600500170001400800410003103500190007204000350009104100080012608200300013410000200016424501690018426000790035330000380043250200810047050400360055165000410058770000420062881717BD-RjUL20230821143757.0230817s2021 bg a|||| m||| 00| 0 eng d a(BD-RjUL)81717 aBD-RjULbengcBD-RjULdBD-RjUL aeng 223a618.2095492bSES 2021 aSemonti, Sheikh10aSocio-Cultural causes and consequences of obstetric fistula among the Rural Women in Bangladesh /cResearcher Sheikh Semonti ;6Supervisor : Sultana Mustafa Khanum, aRajshahi :bInstitute of Bangladesh Studies, University of Rajshahi,c2021 axii, 145 leaves :bill, ;c29.cm. aThesis (Ph. D.) -- Institute of Bangladesh Studies, University of Rajshahi,  aBibliography : Leaves 122 - 130 aObstetrics vGynecologyzBangladesh  aKhanum, Sultana, Mustafa, Supervisor